Statistics for 10 Groups of 10- Geography

Click here to take the quiz!

General Stats

  • This quiz has been taken 1,445 times
  • The average score is 80 of 100

Answer Stats

HintAnswer% Correct
10 Largest Countries In Europe, by Area | Countries bordering Brazil | Countries with Territory in the PolynesiaFrance
97%
Countries with Territory in the PolynesiaUnited Kingdom
97%
Countries bordering BrazilArgentina
95%
Countries with Territory in the PolynesiaAustralia
95%
ASEAN Members | Island Countries in / bordering the Indian OceanIndonesia
95%
10 Largest Countries In Europe, by AreaSpain
95%
Countries bordering BrazilColombia
94%
10 Largest Countries In Europe, by AreaGermany
94%
Island Countries in / bordering the Indian Ocean | World's 10 Largest Islands by AreaMadagascar
94%
Countries bordering BrazilParaguay
94%
Countries bordering BrazilBolivia
93%
10 Largest European Countries by AreaRussia
93%
Island Countries in / bordering the Indian OceanSri Lanka
93%
Countries bordering BrazilUruguay
93%
Countries in / bordering the Sahara DesertAlgeria
92%
Countries bordering BrazilGuyana
92%
Countries bordering BrazilPeru
92%
Countries bordering BrazilSuriname
92%
Countries bordering BrazilVenezuela
92%
Countries in / bordering the Sahara DesertNiger
91%
US States formerly part of Mexico (partially/entirely)Texas
91%
US States formerly part of Mexico (partially/entirely)California
90%
Countries in / bordering the Sahara DesertEgypt
90%
World's 10 Largest Islands by AreaGreat Britain
90%
Island Countries in / bordering the Indian OceanMaldives
90%
Countries in / bordering the Sahara DesertMorocco
90%
US States formerly part of Mexico (partially/entirely)New Mexico
90%
10 Largest Countries In Europe, by AreaSweden
90%
10 Largest Countries In Europe, by AreaItaly
89%
Countries in / bordering the Sahara DesertLibya
89%
ASEAN MembersMalaysia
89%
Countries with Territory in the PolynesiaNew Zealand
89%
10 Largest Countries In Europe, by AreaUkraine
89%
US States formerly part of Mexico (partially/entirely)Arizona
88%
Countries in / bordering the Sahara DesertChad
88%
10 Largest Countries In Europe, by AreaNorway
88%
10 Largest Countries In Europe, by AreaPoland
88%
Countries in / bordering the Sahara DesertMali
87%
Countries in / bordering the Sahara DesertTunisia
87%
10 Largest Countries In Europe, by AreaFinland
86%
Island Countries in / bordering the Indian OceanSeychelles
86%
ASEAN Members | Island Countries in / bordering the Indian OceanSingapore
86%
Countries in / bordering the Sahara DesertSudan
86%
Countries in / bordering the Sahara DesertMauritania
85%
Island Countries in / bordering the Indian OceanMauritius
84%
Countries bordering the Gulf of Guinea (IHO)Nigeria
84%
World's 10 Largest Islands by AreaGreenland
83%
Island Countries in / bordering the Indian OceanComoros
82%
ASEAN MembersPhilippines
82%
Countries bordering the Gulf of Guinea (IHO)Togo
82%
ASEAN MembersBrunei
81%
US States formerly part of Mexico (partially/entirely)Nevada
81%
Canadian ProvincesQuebec
81%
Countries bordering the Gulf of Guinea (IHO)Benin
80%
ASEAN MembersCambodia
80%
Countries bordering the Gulf of Guinea (IHO)Cameroon
80%
Countries bordering the Gulf of Guinea (IHO)Ghana
80%
ASEAN MembersThailand
80%
Countries with Territory in the PolynesiaUnited States
80%
US States formerly part of Mexico (partially/entirely)Utah
80%
US States formerly part of Mexico (partially/entirely)Colorado
79%
ASEAN MembersLaos
79%
ASEAN MembersVietnam
79%
Canadian ProvincesOntario
78%
Countries bordering the Gulf of Guinea (IHO)Côte d'Ivoire
77%
Island Countries in / bordering the Indian OceanEast Timor
77%
Countries bordering the Gulf of Guinea (IHO)Equatorial Guinea
77%
Countries with Territory in the PolynesiaFiji
75%
Countries bordering the Gulf of Guinea (IHO)Liberia
75%
Countries bordering the Gulf of Guinea (IHO)Gabon
74%
Canadian ProvincesAlberta
73%
Canadian ProvincesNewfoundland and Labrador
73%
Canadian ProvincesBritish Columbia
72%
ASEAN MembersMyanmar
72%
US States formerly part of Mexico (partially/entirely)Oklahoma
72%
Countries with Territory in the PolynesiaSamoa
72%
Countries with Territory in the PolynesiaTonga
71%
Countries with Territory in the PolynesiaTuvalu
68%
US States formerly part of Mexico (partially/entirely)Kansas
67%
Countries bordering the Gulf of Guinea (IHO)São Tomé and Príncipe
66%
US States formerly part of Mexico (partially/entirely)Wyoming
66%
Canadian ProvincesSaskatchewan
63%
Canadian ProvincesNova Scotia
62%
Canadian ProvincesPrince Edward Island
62%
Countries with Territory in the PolynesiaChile
61%
Canadian ProvincesManitoba
61%
World's 10 Largest Islands by AreaBorneo
57%
Island Countries in / bordering the Indian OceanBahrain
56%
World's 10 Largest Islands by AreaHonshu
53%
Canadian ProvincesNew Brunswick
52%
World's 10 Largest Islands by AreaSumatra
49%
World's 10 Largest Islands by AreaBaffin Island
48%
World's 10 Largest Islands by AreaNew Guinea
46%
World's 10 Largest Islands by AreaEllesmere
32%
World's 10 Largest Islands by AreaVictoria
28%

Score Distribution

Percentile by Number Answered

Percent of People with Each Score

Your Score History

You have not taken this quiz